000
00322nam a22001457a 4500
008
221107b ||||| |||| 00| 0 eng d
020
_a
9781133600497
041
_a
eng
080
_2
FIFTH EDITION
_a
612.39
082
_a
612.39BRO
100
_a
16.2
101
_a
NUT
245
_a
NUTRITION
_c
BROWN J
942
_2
udc
_c
BK
999
_c
58760
_d
58760